[Event "Let's Play Chess!"]
[Site "http://www.queenalice.com/game.php?id=207347"]
[Date "2007.5.7"]
[Round "-"]
[White "CampbellMarcel"]
[Black "kulawrence"]
[Result "1-0"]
[WhiteElo "1871"]
[BlackElo "1697"]

1. Nf3 f5 2. e3 Nf6 3. Nc3 Nc6 4. Bc4 e6 5. O-O b6 6. d4 Bb7 7. a3 Bd6 8. Ne2
Na5 9. Ba2 Bxf3 10. gxf3 Nh5 11. f4 g5 12. Ng3 Ng7 13. d5 h5 14. dxe6 dxe6 15.
b4 Nb7 16. Bb2 e5 17. fxe5 h4 18. exd6 hxg3 19. fxg3 Qd7 20. Bxg7 Qxg7 21. Rxf5
Nxd6 22. Rd5 Ne4 23. Qd4 Qh7 24. Re5+ Kf8 25. Rxe4 Qxh2+ 26. Kf1 Rh6 27. b5 Qh1+
28. Ke2 Qg2+ 29. Kd3 Qh3 30. Qb4+ Rd6+ 31. Kc3 Qh8+ 32. Rd4 Rc8 33. Rf1+ Kg7 34.
Qc4 Kh6 35. Rh1+ 1-0

[Event "AUTO-OPEN-650"]
[Site "http://www.queenalice.com/game.php?id=207547"]
[Date "2007.5.7"]
[Round "1"]
[White "kulawrence"]
[Black "andrevillares"]
[Result "0-1"]
[WhiteElo "1652"]
[BlackElo "1886"]

1. e4 Nf6 2. Nc3 d5 3. e5 d4 4. exf6 dxc3 5. fxg7 cxd2+ 6. Bxd2 Bxg7 7. c3 O-O
8. Qc2 e5 9. Bd3 f5 10. O-O-O Be6 11. Kb1 Nc6 12. h4 Qd5 13. Qb3 Qxd3+ 14. Qc2
Qxc2+ 15. Kxc2 e4 16. b3 Ne5 17. Bf4 Nd3 18. Nh3 c5 19. Bd6 Rfd8 20. Be7 Rd7 21.
Bg5 c4 22. Rhf1 cxb3+ 23. axb3 Rc8 24. Nf4 Rxc3+ 25. Kb1 Rxb3+ 26. Ka2 Rb2+ 27.
Ka3 Ra2# 0-1

[Event "AUTO-OPEN-650"]
[Site "http://www.queenalice.com/game.php?id=207548"]
[Date "2007.5.7"]
[Round "1"]
[White "andrevillares"]
[Black "kulawrence"]
[Result "1-0"]
[WhiteElo "1897"]
[BlackElo "1624"]

1. d4 d5 2. c4 Nc6 3. Nc3 e6 4. Nf3 Nf6 5. Bg5 Be7 6. e3 O-O 7. Rc1 Re8 8. cxd5
exd5 9. Bd3 Bg4 10. h3 Bh5 11. Bb1 h6 12. Bxf6 Bxf6 13. g4 Bg6 14. Bxg6 fxg6 15.
O-O Kh7 16. Qb3 Na5 17. Qxd5 b6 18. b4 Qxd5 19. Nxd5 Nb7 20. Nxc7 Nd6 21. Nxa8
Rxa8 22. Rc7 Nb5 23. Rd7 Nc3 24. a3 a5 25. Kg2 axb4 26. axb4 Ra4 27. Rc1 Nb5 28.
Rc6 1-0

[Event "AUTO-OPEN-650"]
[Site "http://www.queenalice.com/game.php?id=207549"]
[Date "2007.5.7"]
[Round "1"]
[White "kulawrence"]
[Black "FPM"]
[Result "1-0"]
[WhiteElo "1635"]
[BlackElo "1798"]

1. e4 d5 2. exd5 Qxd5 3. Nc3 Qa5 4. Nf3 Nf6 5. g3 c6 6. Bg2 Nd5 7. O-O Nxc3 8.
dxc3 Bg4 9. Qd4 Bxf3 10. Bxf3 Nd7 11. Bh6 Nf6 12. Bf4 Rd8 13. Qc4 e6 14. Bxc6+
bxc6 15. Qxc6+ Nd7 16. Bc7 Rc8 17. Qxd7+ Kxd7 18. Bxa5 Bc5 19. Rad1+ Kc6 20. a3
Bb6 21. Bxb6 axb6 22. Rd4 e5 23. Rc4+ Kb5 24. Rxc8 Rxc8 25. Rd1 Kc6 26. Kg2 Rc7
27. Kf3 f5 28. Ke3 g5 29. Rd8 Rf7 30. Kd3 g4 31. Kc4 Rf6 32. b4 Rg6 33. Rf8 Rg5
34. Kd3 Kb5 35. c4+ Kc6 36. Rf6+ Kc7 37. Rf7+ Kd6 38. Rxh7 f4 39. Ke4 f3 40. h4
gxh3 41. Rxh3 Rg4+ 42. Kd3 Rd4+ 43. Kc3 Rd1 44. g4 Ra1 45. Kb2 Rg1 46. Rxf3 Rxg4
47. Kb3 Rd4 48. Kc3 Rd1 49. Rd3+ 1-0

[Event "AUTO-OPEN-650"]
[Site "http://www.queenalice.com/game.php?id=207550"]
[Date "2007.5.7"]
[Round "1"]
[White "FPM"]
[Black "kulawrence"]
[Result "1-0"]
[WhiteElo "1742"]
[BlackElo "1606"]

1. e4 e5 2. Nf3 Nc6 3. Bb5 a6 4. Bxc6 dxc6 5. h3 Bc5 6. O-O f5 7. exf5 Bxf5 8.
Nxe5 Qd5 9. Re1 O-O-O 10. c3 Nf6 11. d4 Rhe8 12. Be3 Rxe5 13. Qe2 Bxh3 14. gxh3
Rg5+ 15. Bxg5 Qxg5+ 16. Kh1 Re8 17. Qf1 Qd5+ 18. Kg1 Rxe1 19. Qxe1 Qg5+ 20. Kf1
Bd6 21. Nd2 Bh2 22. Nf3 Qf4 23. Nxh2 Qxh2 24. Rd1 Qxh3+ 25. Ke2 Ne4 26. Rd3 Qg4+
27. Kf1 Qf5 28. Re3 Qb5+ 29. Qe2 Qxe2+ 30. Kxe2 Nd6 31. Re7 Nc4 32. b3 1-0

[Event "Challenge"]
[Site "http://www.queenalice.com/game.php?id=222319"]
[Date "2007.6.8"]
[Round "-"]
[White "sergiotakahashi"]
[Black "kulawrence"]
[Result "0-1"]
[WhiteElo "1327"]
[BlackElo "1690"]

1. Nf3 c5 2. c4 Nc6 3. e4 e6 4. Be2 Nf6 5. d3 Be7 6. O-O b6 7. Bg5 Bb7 8. e5 Ng4
9. Bxe7 Qxe7 10. d4 cxd4 11. Nxd4 Ngxe5 12. Nxc6 Bxc6 13. Nd2 O-O 14. Bf3 Bxf3
15. Nxf3 Nxc4 16. Qc2 Rac8 17. b3 Ne3 18. Qe4 Nxf1 19. Rxf1 Rc5 20. Qb7 Ra5 21.
a4 Rd8 22. h4 Qb4 23. Qc7 Qf8 24. Ne5 Rc5 25. Qxa7 Rxe5 26. Qxb6 Rb8 27. Qc7 Rd5
28. a5 Rxb3 29. a6 Qb8 30. Qxb8+ Rxb8 31. Rc1 Ra5 32. f4 Rxa6 33. g4 Rab6 34.
Kg2 Rb2+ 35. Kf1 Rb1 36. Rxb1 Rxb1+ 37. Kf2 d5 38. Ke3 f5 39. gxf5 exf5 40. Kd4
Rf1 41. Ke5 d4 42. Kxf5 d3 0-1

[Event "Challenge"]
[Site "http://www.queenalice.com/game.php?id=226342"]
[Date "2007.6.16"]
[Round "-"]
[White "Doctor"]
[Black "kulawrence"]
[Result "0-1"]
[WhiteElo "1654"]
[BlackElo "1668"]

1. e4 e5 2. Bc4 Nc6 3. Nf3 Bc5 4. c3 a6 5. d3 h6 6. O-O Nf6 7. Nbd2 O-O 8. Nxe5
Bxf2+ 9. Rxf2 Nxe5 10. Bb3 Nxd3 11. Rf1 Nc5 12. Bc2 d6 13. Qf3 Re8 14. b4 Bg4
15. Qf4 Ne6 16. Qg3 Be2 17. Rf2 Bb5 18. a4 Bc6 19. Re2 Nh5 20. Qg4 Nf6 21. Qg3
Ng5 22. Nf3 Ngxe4 23. Qe1 d5 24. Nd4 Nd6 25. Qg3 Rxe2 26. Nxe2 Nde4 27. Bxe4
Nxe4 28. Qg4 Qf6 29. Qf4 Qxf4 30. Bxf4 Rc8 31. a5 Bb5 32. Re1 Bxe2 33. Rxe2 Nxc3
34. Rc2 Nb5 35. Kf2 c6 0-1

[Event "Challenge"]
[Site "http://www.queenalice.com/game.php?id=235829"]
[Date "2007.7.7"]
[Round "-"]
[White "pseudocompact"]
[Black "kulawrence"]
[Result "1-0"]
[WhiteElo "1836"]
[BlackElo "1692"]

1. e4 e5 2. d4 exd4 3. c3 dxc3 4. Bc4 cxb2 5. Bxb2 Qh4 6. Qd5 Nh6 7. Nf3 Qg4 8.
O-O Nc6 9. Nc3 Be7 10. Nb5 O-O 11. Nxc7 Rb8 12. Rac1 a6 13. Rfd1 Bd8 14. Qd6
Bxc7 15. Qxc7 Ra8 16. Rd5 Qxe4 17. Qg3 Qg4 18. Qxg4 Nxg4 19. Rg5 h5 20. Rxg7+
1-0

[Event "AUTO-ADV-636"]
[Site "http://www.queenalice.com/game.php?id=265978"]
[Date "2007.9.3"]
[Round "1"]
[White "kulawrence"]
[Black "kiko_rs"]
[Result "1-0"]
[WhiteElo "1675"]
[BlackElo "1500"]

1. e4 e5 2. d4 f5 3. exf5 e4 4. Qh5+ g6 5. fxg6 Nf6 6. g7+ Nxh5 7. gxh8=Q d5 8.
Qxh7 Nf6 9. Qg6+ Ke7 10. Bg5 Nd7 11. Nc3 c6 12. O-O-O Kd6 13. Bf4+ Ke6 14. Nh3
Qb6 15. Ng5+ Ke7 16. Qf7+ Kd8 17. Ne6# 1-0

[Event "AUTO-ADV-636"]
[Site "http://www.queenalice.com/game.php?id=265979"]
[Date "2007.9.3"]
[Round "1"]
[White "kiko_rs"]
[Black "kulawrence"]
[Result "0-1"]
[WhiteElo "1369"]
[BlackElo "1692"]

1. c4 e5 2. Nc3 Nf6 3. e4 c6 4. d3 d5 5. cxd5 cxd5 6. f3 Bb4 7. a3 Bxc3+ 8. bxc3
dxe4 9. fxe4 Nxe4 10. Qa4+ Nc6 11. Qxe4 g6 12. Bh6 Bf5 13. Qa4 Bd7 14. Nf3 Nd4
15. Qd1 Nf5 16. Qd2 Qb6 17. Qg5 f6 18. Qd2 O-O-O 19. Be2 Rhg8 20. d4 Ba4 0-1

[Event "AUTO-ADV-636"]
[Site "http://www.queenalice.com/game.php?id=265980"]
[Date "2007.9.3"]
[Round "1"]
[White "kulawrence"]
[Black "doran"]
[Result "0-1"]
[WhiteElo "1684"]
[BlackElo "2001"]

1. e4 g6 2. d4 Bg7 3. Bc4 c6 4. Nc3 d6 5. h3 Nf6 6. Nf3 b5 7. Bd3 Nbd7 8. a3 e5
9. Bg5 O-O 10. Qe2 exd4 11. Nxd4 Qb6 12. Nf3 Re8 13. O-O h6 14. Be3 Qc7 15. Qd2
Kh7 16. Rfe1 Ne5 17. Nh2 Nxd3 18. Qxd3 Bb7 19. Nf1 a5 20. f3 Rad8 21. Bf4 Nh5
22. Be3 b4 23. Na4 c5 24. axb4 axb4 25. Rab1 Bc6 26. b3 Bxa4 27. bxa4 Ra8 28.
Nd2 Rxa4 29. g4 Nf6 30. Red1 Ra3 31. Rb3 Ra2 32. Bf4 Rd8 33. Qc4 Qe7 34. Rxb4
Rxc2 35. Qxc2 cxb4 36. Nc4 d5 37. Qd3 d4 38. Qb3 h5 0-1

[Event "AUTO-ADV-636"]
[Site "http://www.queenalice.com/game.php?id=265981"]
[Date "2007.9.3"]
[Round "1"]
[White "doran"]
[Black "kulawrence"]
[Result "1-0"]
[WhiteElo "1930"]
[BlackElo "1696"]

1. Nf3 c5 2. g3 Nc6 3. Bg2 Nf6 4. d3 d5 5. Nbd2 e6 6. O-O Be7 7. e4 O-O 8. c3
dxe4 9. dxe4 Qb6 10. Qe2 Rd8 11. Nc4 Qc7 12. Bf4 Qd7 13. Rad1 Qe8 14. Rxd8 Qxd8
15. Rd1 Qe8 16. Bd6 Bd7 17. e5 Nd5 18. Bxe7 Qxe7 19. Nd6 Nc7 20. b3 Ne8 21. Nxb7
Bc8 22. Nd6 Nxd6 23. Rxd6 Bb7 24. Qb5 Rc8 25. Qxc5 f6 26. Nd4 Nd8 27. Qb4 fxe5
28. Nf3 a5 29. Rxd8+ Qxd8 30. Qxb7 Rb8 31. Qe4 1-0

[Event "AUTO-ADV-636"]
[Site "http://www.queenalice.com/game.php?id=265983"]
[Date "2007.9.3"]
[Round "1"]
[White "kamu"]
[Black "kulawrence"]
[Result "1-0"]
[WhiteElo "1922"]
[BlackElo "1686"]

1. d4 d5 2. c4 Nc6 3. Nc3 Nf6 4. Nf3 Bg4 5. cxd5 Nxd5 6. e4 Bxf3 7. gxf3 Nb6 8.
d5 Ne5 9. f4 Ned7 10. Be3 a6 11. e5 g6 12. e6 Nf6 13. Bxb6 cxb6 14. Qa4+ b5 15.
Nxb5 axb5 16. Bxb5+ 1-0

[Event "Challenge"]
[Site "http://www.queenalice.com/game.php?id=305296"]
[Date "2007.11.16"]
[Round "-"]
[White "ChildsPlay"]
[Black "kulawrence"]
[Result "1-0"]
[WhiteElo "1204"]
[BlackElo "1684"]

1. e4 e5 2. Nf3 Nc6 3. c4 Nf6 4. d3 Bc5 5. Bg5 h6 6. Nc3 hxg5 7. Nxg5 d6 8. a3
Ng4 9. Be2 Nxf2 10. Qd2 Nxh1 11. Bh5 Rxh5 12. h4 Bg4 13. Nd5 Nd4 14. Kf1 Rxh4
15. Ne3 1-0